Concurrent validity of the cognitive abilities scale and binet IV for nonvocal 2-and 3-year-olds (Record no. 64711)

MARC details
000 -CABECERA
campo de control de longitud fija 00685nam a2200229 a 4500
005 - FECHA Y HORA DE LA ÚLTIMA TRANSACCIÓN
campo de control 20210219152945.0
008 - ELEMENTOS DE LONGITUD FIJA--INFORMACIÓN GENERAL
campo de control de longitud fija 991125n 000 0 u
035 ## - NÚMERO DE CONTROL DEL SISTEMA
Número de control de sistema UPN01000068815
100 ## - ASIENTO PRINCIPAL--NOMBRE PERSONAL
Nombre de persona Shanahan, Richard
222 ## - TÍTULO CLAVE
Título clave JOURNAL OF SCHOOL PSYCHOLOGY
245 ## - MENCIÓN DE TÍTULO
Título Concurrent validity of the cognitive abilities scale and binet IV for nonvocal 2-and 3-year-olds
300 ## - DESCRIPCIÓN FÍSICA
Extensión 395-399
362 ## - FECHAS DE PUBLICACIÓN Y/O DESIGNACIÓN SECUENCIAL
Fecha de publicación y/o designación secuencial 30, No. 4, 1992
505 ## - NOTA DE CONTENIDO CON FORMATO PREESTABLECIDO
Nota de contenido con formato Mayo 1993
653 0# - TERMINO DE INDIZACION - NO CONTROLADO
Término no controlado HABILIDAD COGNITIVA
653 0# - TERMINO DE INDIZACION - NO CONTROLADO
Término no controlado NI\197OS DE PREESCOLAR
653 0# - TERMINO DE INDIZACION - NO CONTROLADO
Término no controlado INTELIGENCIA -
-- PRUEBAS
653 0# - TERMINO DE INDIZACION - NO CONTROLADO
Término no controlado VALIDEZ CONCURRENTE
700 ## - ASIENTO SECUNDARIO--NOMBRE DE PERSONAL
Nombre de persona Bradley-Johnson, Sharon
904 ## - ELEMENTOS DE DATOS D LOCAL, LDD (RLIN)
a AC
b 006626
905 ## - TIPO DE MATERIAL
Tipo de material Articulo

No items available.